| 000 | 00528cam a2200205ua 4500 | ||
|---|---|---|---|
| 020 |
_a0 87692 170 5 _c21.00 |
||
| 041 |
_aeng _h |
||
| 082 |
_a631.584 _bSHA/EL |
||
| 100 | _aSharma, A N . | ||
| 245 |
_aElements of farm management / _cA N Sharma. _hTextual Documents |
||
| 250 |
_a1 / _b. |
||
| 260 |
_aNew Delhi : _bPrentice Hall of India Pvt Ltd. , _c1981. |
||
| 300 | _a424 ; . | ||
| 365 | _a21.00 | ||
| 504 | _a | ||
| 700 | 1 | _aSharma, V K . | |
| 942 | _cBK | ||
| 999 |
_c7360 _d7360 |
||